[Event "Ch France 2018 - Open C"]
[Site "?"]
[Date "2018.08.18"]
[Round "1.3"]
[White "Salah, Samir"]
[Black "Fossella, Manuel"]
[Result "1/2-1/2"]
[BlackElo "1638"]
[WhiteElo "1759"]
[LiveChessVersion "1.4.8"]

1. e4 {[%clk 1:30:33]} e5 {[%clk 1:30:25]} 2. Nf3 {[%clk 1:30:10]} Nc6
{[%clk 1:30:18]} 3. Bb5 {[%clk 1:29:15]} a6 {[%clk 1:28:40]} 4. Bxc6
{[%clk 1:27:43]} dxc6 {[%clk 1:28:55]} 5. O-O Bg4 6. h3 Bxf3 7. Qxf3
{[%clk 1:19:28]} Qf6 {[%clk 1:27:08]} 8. Qb3 {[%clk 1:17:54]} Rb8
{[%clk 1:26:10]} 9. d3 {[%clk 1:17:35]} Bc5 {[%clk 1:26:15]} 10. Be3
{[%clk 1:16:55]} Bxe3 {[%clk 1:19:19]} 11. fxe3 Qe7 12. Nd2 {[%clk 1:12:21]} Nf6
{[%clk 1:19:32]} 13. Qc3 {[%clk 1:11:19]} O-O {[%clk 1:19:22]} 14. Nc4
{[%clk 1:09:49]} Rfe8 {[%clk 1:16:34]} 15. Rf5 {[%clk 0:59:46]} Nd7
{[%clk 1:15:17]} 16. Raf1 {[%clk 0:58:21]} f6 {[%clk 1:15:21]} 17. Nd2
{[%clk 0:52:48]} Qc5 {[%clk 1:13:42]} 18. Qb3+ {[%clk 0:51:38]} Kh8
{[%clk 1:14:00]} 19. R5f3 {[%clk 0:44:01]} Qe7 {[%clk 1:09:49]} 20. R1f2
{[%clk 0:32:36]} Nc5 {[%clk 1:06:07]} 21. Qc3 {[%clk 0:28:26]} Na4
{[%clk 1:05:44]} 22. Qb3 {[%clk 0:28:31]} Nc5 {[%clk 1:05:16]} 23. Qc3
{[%clk 0:25:07]} Na4 {[%clk 1:05:09]} 24. Qb3 {[%clk 0:24:32]} 1/2-1/2

[Event "Ch France 2018 - Open C"]
[Site "?"]
[Date "2018.08.18"]
[Round "3.2"]
[White "Auffray-Bonnet, Gaspard"]
[Black "Arcusa, Michel"]
[Result "1-0"]
[BlackElo "1651"]
[WhiteElo "1736"]
[LiveChessVersion "1.4.8"]

1. e4 {[%clk 1:30:06]} c5 {[%clk 1:30:47]} 2. Nf3 {[%clk 1:30:28]} Nc6
{[%clk 1:31:14]} 3. d4 {[%clk 1:30:46]} cxd4 {[%clk 1:31:42]} 4. Nxd4
{[%clk 1:31:07]} e6 {[%clk 1:32:11]} 5. Nc3 {[%clk 1:31:12]} a6 6. Be2
{[%clk 1:30:06]} Nf6 {[%clk 1:32:52]} 7. Nxc6 {[%clk 1:30:09]} bxc6
{[%clk 1:33:10]} 8. O-O {[%clk 1:29:49]} Qc7 {[%clk 1:33:03]} 9. Be3
{[%clk 1:29:06]} Bb4 {[%clk 1:30:59]} 10. Qd4 {[%clk 1:25:52]} Be7
{[%clk 1:24:34]} 11. e5 {[%clk 1:18:12]} Nd5 {[%clk 1:23:18]} 12. Nxd5
{[%clk 1:15:29]} cxd5 {[%clk 1:21:03]} 13. c4 {[%clk 1:13:58]} Bb7
{[%clk 1:17:19]} 14. Rac1 {[%clk 1:12:58]} Qa5 {[%clk 1:05:20]} 15. c5
{[%clk 1:08:41]} f5 {[%clk 0:56:52]} 16. g4 {[%clk 1:02:44]} g6 {[%clk 0:48:18]}
17. gxf5 {[%clk 1:02:42]} gxf5 {[%clk 0:48:38]} 18. Bh5+ {[%clk 1:02:56]} Kd8
{[%clk 0:48:55]} 19. Bd2 {[%clk 0:58:03]} Qxa2 {[%clk 0:39:02]} 20. c6
{[%clk 0:56:38]} Kc7 {[%clk 0:15:00]} 21. cxb7+ {[%clk 0:56:25]} Kxb7
{[%clk 0:15:29]} 22. Bb4 {[%clk 0:55:27]} Qa4 {[%clk 0:09:45]} 23. Rc7+
{[%clk 0:54:16]} Kxc7 {[%clk 0:07:43]} 24. Bd6+ {[%clk 0:54:39]} Bxd6
{[%clk 0:08:03]} 25. exd6+ {[%clk 0:55:02]} Kxd6 {[%clk 0:07:45]} 26. Qxa4
{[%clk 0:55:23]} Rhg8+ {[%clk 0:07:45]} 27. Kh1 {[%clk 0:55:46]} Rg5
{[%clk 0:08:08]} 28. Qf4+ 1-0

[Event "Ch France 2018 - Open C"]
[Site "?"]
[Date "2018.08.18"]
[Round "9.4"]
[White "Fischer, Thorange"]
[Black "Bernard, Louis"]
[Result "1/2-1/2"]
[BlackElo "1708"]
[WhiteElo "1577"]
[LiveChessVersion "1.4.8"]

1. e3 {[%clk 1:30:56]} d5 {[%clk 1:30:19]} 2. c4 {[%clk 1:31:20]} e6
{[%clk 1:28:53]} 3. d4 {[%clk 1:30:11]} Nf6 {[%clk 1:28:35]} 4. Nf3
{[%clk 1:30:21]} Nbd7 {[%clk 1:27:00]} 5. Nc3 {[%clk 1:30:24]} Be7
{[%clk 1:24:47]} 6. Bd3 {[%clk 1:29:40]} O-O {[%clk 1:23:40]} 7. O-O
{[%clk 1:29:42]} dxc4 {[%clk 1:19:22]} 8. Bxc4 {[%clk 1:30:03]} c5
{[%clk 1:19:50]} 9. e4 cxd4 {[%clk 1:16:40]} 10. Nxd4 {[%clk 1:26:51]} Qc7
{[%clk 1:15:24]} 11. Bb3 {[%clk 1:14:36]} Nc5 {[%clk 1:06:52]} 12. Qe2
{[%clk 0:57:32]} e5 {[%clk 0:43:48]} 13. Ndb5 {[%clk 0:54:38]} Qb6
{[%clk 0:43:37]} 14. Nd5 {[%clk 0:54:06]} Nxd5 {[%clk 0:43:31]} 15. Bxd5
{[%clk 0:54:29]} a6 {[%clk 0:42:28]} 16. Nc3 {[%clk 0:48:06]} Qg6
{[%clk 0:36:12]} 17. f3 {[%clk 0:42:10]} Ne6 {[%clk 0:33:14]} 18. Be3
{[%clk 0:41:09]} Bg5 {[%clk 0:31:10]} 19. Bxg5 {[%clk 0:40:01]} Qxg5
{[%clk 0:29:46]} 20. Bxe6 {[%clk 0:34:34]} Bxe6 {[%clk 0:30:11]} 21. Rfd1
{[%clk 0:33:05]} Rfd8 {[%clk 0:29:15]} 22. Nd5 {[%clk 0:28:11]} Rac8
{[%clk 0:25:27]} 23. Qd2 {[%clk 0:23:08]} Qxd2 {[%clk 0:22:47]} 24. Rxd2
{[%clk 0:23:32]} Bxd5 {[%clk 0:22:36]} 25. exd5 {[%clk 0:23:57]} Rd6
{[%clk 0:22:53]} 26. Kf2 {[%clk 0:24:09]} Rc5 {[%clk 0:22:31]} 27. Rad1
{[%clk 0:24:33]} f5 {[%clk 0:21:58]} 28. Ke3 {[%clk 0:22:26]} Kf7
{[%clk 0:21:40]} 29. g4 {[%clk 0:21:55]} g6 {[%clk 0:16:13]} 30. g5
{[%clk 0:18:55]} Ke7 {[%clk 0:16:19]} 31. h4 Rb5 {[%clk 0:13:17]} 32. h5
{[%clk 0:09:05]} Kd7 {[%clk 0:10:16]} 33. hxg6 {[%clk 0:08:31]} hxg6
{[%clk 0:10:40]} 34. f4 {[%clk 0:07:02]} e4 {[%clk 0:09:06]} 35. a3
{[%clk 0:04:12]} Rb3+ {[%clk 0:08:20]} 36. Kd4 {[%clk 0:04:32]} Rdb6
{[%clk 0:05:57]} 37. Rb1 {[%clk 0:01:28]} Rxa3 {[%clk 0:04:11]} 38. Rh1 Ra4+
{[%clk 0:03:20]} 39. Ke5 {[%clk 0:00:53]} Ra5 {[%clk 0:01:53]} 40. Rh7+
{[%clk 0:01:08]} Kc8 {[%clk 0:00:44]} 41. Rh8+ {[%clk 0:29:42]} Kd7
{[%clk 0:29:49]} 42. Rh7+ {[%clk 0:23:56]} Kc8 {[%clk 0:28:27]} 43. Rh8+
{[%clk 0:24:19]} Kd7 {[%clk 0:28:39]} 44. Rh7+ {[%clk 0:24:28]} Ra4 45. Rh1 e3
46. Rd4 1/2-1/2